000 00319nam a2200121 a 4500
005 20140414131918.0
008 101020s19uu xx 00 eng d
050 _aER
_bL72 1990
100 _aGordon, Jeffie, Ross
245 _aLittle kids at home.
260 _aNew York :
_bModern Publishing,
_c1989.
999 _c111592
_d111592